00369nam a2200133Ia 4500008004100000020001500041041001200056082001600068100002300084245008100107260002500188300000800213650001400221221030s9999 xx 000 0 und d a0070587183 aEnglish a105.23bBal aV. K. Balakrishnan 0aSchaum`s Outline of Theory & Problems of Graph Theorycby V. K. Balakrishnan bTMHaNew Delhic2006 a293 aComputers